000 00628nam a2200205 a 4500
001 000013290
005 20240412074238.0
008 091123s2006 dr 000 j spa d
020 _a9945854933
040 _aDO-SdBNP
_bspa
_cBNPHU
082 _aRD863.5
_bJ86b
100 1 _aJovine Rijo, Federico,
_d1975-
_930485
245 1 0 _aBitácora de viaje /
_cFederico Jovine Rijo.
260 _aSanto Domingo :
_bCuesta-Veliz,
_c2006.
300 _a200 p. ;
_c23 cm.
590 _aInventariado, 2020/BT
650 0 _aCuentos dominicanos
_9176
650 0 _aLiteratura dominicana.
_967
910 _aValidado. Control de calidad MMOLINA
999 _c12920
_d12920